Croatian Football Champions - Statistics

General Stats
  • This quiz has been taken 944 times
    585 since last reset
  • The average score is 28 of 31
Answer Stats
Season Answer % Correct
1992/93 Dinamo Zagreb
97%
1992 Hajduk Split
96%
1995/96 Dinamo Zagreb
95%
1996/97 Dinamo Zagreb
95%
1997/98 Dinamo Zagreb
95%
1998/99 Dinamo Zagreb
95%
1999/00 Dinamo Zagreb
95%
1993/94 Hajduk Split
94%
1994/95 Hajduk Split
94%
2014/15 Dinamo Zagreb
93%
2021/22 Dinamo Zagreb
93%
2000/01 Hajduk Split
93%
2005/06 Dinamo Zagreb
92%
2006/07 Dinamo Zagreb
92%
2007/08 Dinamo Zagreb
92%
2008/09 Dinamo Zagreb
92%
2009/10 Dinamo Zagreb
92%
2010/11 Dinamo Zagreb
92%
2011/12 Dinamo Zagreb
92%
2012/13 Dinamo Zagreb
92%
2013/14 Dinamo Zagreb
92%
2015/16 Dinamo Zagreb
92%
2017/18 Dinamo Zagreb
92%
2018/19 Dinamo Zagreb
92%
2019/20 Dinamo Zagreb
92%
2020/21 Dinamo Zagreb
92%
2002/03 Dinamo Zagreb
91%
2003/04 Hajduk Split
90%
2004/05 Hajduk Split
89%
2016/17 Rijeka
87%
2001/02 Zagreb
68%
No matching quizzes found
Score Distribution
Percent of People with Each Score
Percentile by Number Answered
Your Score History
You have not taken this quiz since the last reset